Štrukturálne zmeny hospodárstva a ekonomický rast. 2

Upevnenie sektorovej štruktúry po štrukturálnych zmenách hospodárstva vo vyspelých krajinách. Očakávaný pokles podielu priemyslu na zamestnanosti a na HDP a zároveň pokračovanie rastu služieb. Podiel zamestnanosti v hospodárskych sektoroch krajín OECD.

Na minha lista:
Detalhes bibliográficos
Autor principal: Sedlák, Mikuláš
Formato: Capítulo de Livro
Idioma:eslovaco
Assuntos:
Tags: Adicionar Tag
Sem tags, seja o primeiro a adicionar uma tag!

MARC

LEADER 00000naa a2200000 4500
001 r018861
005 20221205102108.6
041 0 |a slo 
044 |a SK 
245 1 0 |a Štrukturálne zmeny hospodárstva a ekonomický rast. 2  |c Mikuláš Sedlák 
520 |a Upevnenie sektorovej štruktúry po štrukturálnych zmenách hospodárstva vo vyspelých krajinách. Očakávaný pokles podielu priemyslu na zamestnanosti a na HDP a zároveň pokračovanie rastu služieb. Podiel zamestnanosti v hospodárskych sektoroch krajín OECD. 
610 2 0 |a zmeny štruktúrne 
610 2 0 |a rast hospodársky 
610 2 0 |a krajiny vyspelé 
610 2 0 |a sektory hospodárske 
610 2 0 |a produktivita práce 
610 2 0 |a zamestnanosť 
610 2 0 |a OECD 
610 2 0 |a služby 
100 1 |a Sedlák, Mikuláš